Statistiche per Quiz sulla Svizzera

Clicka qui per fare il quiz!

Statistiche generali

  • Questo quiz è stato fatto 3.344 volte
  • Il punteggio medio è 14 su 24

Statistiche sulle risposte

DomandaRisposta% Corretto
Lingue ufficialiItaliano
99%
CapitaleBerna
98%
Lingue ufficialiFrancese
98%
Lingue ufficialiTedesco
98%
Città più popolosaZurigo
85%
La Svizzera è suddivisa in 26Cantoni
81%
ValutaFranco
80%
Piccolo principato confinanteLiechtenstein
79%
Articoli di lusso realizzati tra gli altri da Rolex, Omega e TAG HeuerOrologi
75%
Lago più grandeLago di Ginevra
68%
Tennista più famosoRoger Federer
64%
Orologio stereotipato con all'interno un uccellinoOrologio a cucù
58%
Lingue ufficialiRomancio
50%
Tipico canto alpinoJodel
49%
Leggendario eroe svizzero che dovette centrare la mela sulla testa del figlioGuglielmo Tell
46%
Piatto tipico per la cui preparazione viene usato un formaggio a pasta dura fusoFonduta
39%
Famosa montagna vicino a Zermatt (sul confine con l'Italia)Cervino
38%
Fiume più lungoReno
36%
La più importante azienda alimentareNestlé
30%
Sede olimpica e città dell'EPFLLosanna
25%
Filosofo che influenzò la Rivoluzione franceseJean-Jacques
Rousseau
23%
Città che ha ospitato le Olimpiadi invernaliSankt Moritz
18%
Banca più importanteUBS
18%
Donna immaginaria che personifica la SvizzeraHelvetia
12%

Distribuzione punteggi

Percentile per numero di risposta

Percentuale di utenti per punteggio

I tuoi punteggi nel tempo

Non hai fatto questo quiz